Statistics for Air New Zealand International Flights

Click here to take the quiz!

General Stats

  • This quiz has been taken 301 times
  • The average score is 19 of 32

Answer Stats

HintAnswer% Correct
UKLondon Heathrow
95%
USLos Angeles
95%
AUSydney
93%
AUMelbourne
92%
AUPerth
92%
JPTokyo Narita
90%
AUBrisbane
88%
NZWellington
87%
USSan Francisco
85%
NZAuckland
81%
HKHong Kong
80%
AUAdelaide
79%
NZChristchurch
79%
CAVancouver
79%
JPOsaka Kansai
71%
CNShanghai Pudong
70%
AUGold Coast
61%
AUCairns
54%
USHonolulu
50%
FJNadi
47%
NZQueenstown
45%
WSApia
37%
IDDenpasar
31%
VUPort Vila
30%
CKRarotonga
29%
TOTonga
27%
AUSunshine Coast
26%
NCNoumea
25%
NUNiue
23%
PFPapeete
21%
NZRotorua
21%
AUNorfolk Island
16%

Score Distribution

Percentile by Number Answered

Percent of People with Each Score

Your Score History

You have not taken this quiz